| 000 | 01430nam0a22003011 4500 | ||
|---|---|---|---|
| 001 | rc\4025796 | ||
| 005 | 20130415132329.1 | ||
| 021 |
_aRU _b[47-11804] |
||
| 035 | _a(NLR Aleph) 008089226 | ||
| 090 |
_a9172809 _c9172809 |
||
| 100 | _a20130415d1947 |||y0rusy50 ca | ||
| 101 | 0 | _arus | |
| 102 | _aRU | ||
| 105 | _aa b ||||| | ||
| 200 | 1 |
_aКаталог _fВступ. статья Е.Г. Лисенкова [с. 3-27] _gГос. музей изобраз. искусств Армении. Выставка фр. худож. литографии конца XIX - начала XX веков |
|
| 210 |
_aЛенинград _cИзд-во и тип. Гос. Эрмитажа _d1947 |
||
| 215 |
_a31 с. _cил. _d18 |
||
| 300 | _aНа обороте тит. л. указан сост.: Е.Н. Ненарокова | ||
| 606 |
_aФранцузская литография _z19-20 вв. _xВыставки _z1947 _yЕреван _2psbo |
||
| 702 | 1 |
_aНенарокова _bЕ. Н. _gЕлизавета Николаевна _4220 |
|
| 702 | 1 |
_aЛисенков _bЕ. Г. _4080 |
|
| 710 | 1 | 2 | _aВыставка французской художественной литографии конца XIX - начала XX веков (1947; Ереван) |
| 712 | 0 | 2 |
_aЭрмитаж _cЛенинград _3RU\NLR\AUTH\883314 |
| 801 | 0 |
_aRU _bNLR _gpsbo |
|
| 801 | 1 |
_aRU _bELAR _2rusmarc |
|
| 852 |
_aNLR _jИс30 Г-4/53 |
||
| 942 | _cBOOK | ||
| 980 | _aNB | ||